00361nam a2200145Ia 4500008004100000082001600041100002500057245002000082250000600102260002800108300001000136500002400146650001400170700003100184230524s9999 xx 000 0 und d a330.33bMEH aPradeep Kumar Mehta  0aMicro Economics a1 aNew DelhibTaxmanc2016 a324p: aQuantity Number: 1 aEconomics a"Meena Singh , K.C.Mishra"